00395nam a2200121Ia 4500008004100000020002200041100002000063245005900083260004200142300002600184650003000210650003300240200922s9999 xx 000 0 und d a978-621-409-128-7 aBueno, David C. cDavid C. BuenoaScience, technology and society (sts)/ aManila:bBooks Atbp. Publishingc2019 avi, 188 pagesc22 cm. aScience -- social aspects aTechnology -- social aspects